Contratos Mercantiles/ (Registro nro. 8202)

Detalles MARC
000 -LEADER
fixed length control field 01836nam a2200217Ia 4500
005 - FECHA Y HORA DE LA ÚLTIMA TRANSACCIÓN
control field 20230603140841.0
008 - FIXED-LENGTH DATA ELEMENTS--GENERAL INFORMATION
fixed length control field 230530s9999 xx 000 0 und d
020 ## - INTERNATIONAL STANDARD BOOK NUMBER
International Standard Book Number 9684327838
040 ## - CATALOGING SOURCE
Original cataloging agency UPAN
Transcribing agency Biblioteca San Vicente
Description conventions RCAA2
041 ## - LANGUAGE CODE
Language code of text/sound track or separate title spa
082 ## - DEWEY DECIMAL CLASSIFICATION NUMBER
Classification number 346.07
Item number V335c
100 ## - MAIN ENTRY--PERSONAL NAME
Personal name Vásquez del Mercado Óscar
Relator code aut.
245 #0 - TITLE STATEMENT
Title Contratos Mercantiles/
Statement of responsibility, etc Oscar Vásquez del Mercado
250 ## - EDITION STATEMENT
Edition statement 5ª ed
260 ## - PUBLICATION, DISTRIBUTION, ETC. (IMPRINT)
Place of publication, distribution, etc México:
Name of publisher, distributor, etc Porrúa,
Date of publication, distribution, etc 1994
300 ## - PHYSICAL DESCRIPTION
Extent 587 p.;
Dimensions 23 cm.
505 ## - FORMATTED CONTENTS NOTE
Formatted contents note Capitulo I: Historia del derecho mercantil<br/>Capitulo II: La materia mercantil y el concepto de derecho mercantil<br/>Capitulo III: Fuentes del derecho mercantil <br/>Capitulo IV: Acto de comercio<br/>Capitulo V: Sujetos de derecho mercantil<br/>Capitulo VI: Obligaciones de los comerciantes<br/>Capitulo VII: Auxiliares mercantiles<br/>Capitulo VIII: Empresa<br/>Capitulo IX: Obligaciones y contratos mercantiles<br/>Capitulo X: Contrato de comisión<br/>Capitulo XII: Contrato de préstamo<br/>Capitulo XIII: Compraventa<br/>Capitulo XIV: Contrato de suministro y contrato estimatorio<br/>Capitulo XV: Contrato de transporte<br/>Capitulo XVI: Contrato de seguro<br/>Capitulo XVII: Contrato de fianza<br/>Capitulo XVIII: Contrato de edición<br/>Capitulo XIX: Reporto<br/>Capitulo XX: Contrato bancario de deposito<br/>Capitulo XXI: Descuento de créditos en libros<br/>Capitulo XXII: Contrato de cuenta corriente<br/>Capitulo XXIII: Carta de crédito<br/>Capitulo XXIV: contrato de crédito confirmado<br/>Capitulo XXV: Créditos de habilitación o avío y refaccionarios<br/>Capitulo XXVI: Contrato de prenda<br/>Capitulo XXVII: Contrato de fideicomiso<br/>Capitulo XXVIII: Contrato de arrendamiento financiero<br/>Capitulo XXIX: Contratos bursátiles<br/>Capitulo XXX: Contrato de asociaciones en participación.
650 ## - SUBJECT ADDED ENTRY--TOPICAL TERM
Source of heading or term LEMB
General subdivision Derecho comercial
650 ## - SUBJECT ADDED ENTRY--TOPICAL TERM
Source of heading or term LEMB
General subdivision Contratos comerciales
942 ## - ADDED ENTRY ELEMENTS (KOHA)
Koha item type Libros
Source of classification or shelving scheme Dewey Decimal Classification
Existencias
Withdrawn status Lost status Source of classification or shelving scheme Damaged status Not for loan Collection code Home library Current library Date acquired Total Checkouts Full call number Barcode Date last seen Price effective from Koha item type Copy number
    Dewey Decimal Classification     Colección General Biblioteca UPAN San Vicente Biblioteca UPAN San Vicente 30/05/2023   346.07 V335c 12000833 30/05/2023 30/05/2023 Libros  
    Dewey Decimal Classification     Colección General Biblioteca UPAN San Vicente Biblioteca UPAN San Vicente 03/06/2023   346.07 V335c 12000832 03/06/2023 03/06/2023 Libros 01